Neurocomputación: cómo funciona el cerebro
Guardat en:
| Autor principal: | |
|---|---|
| Format: | Llibre |
| Idioma: | espanyol |
| Publicat: |
Salamanca
Eudema
1993
|
| Col·lecció: | Eudema Biología
|
| Matèries: | |
| Etiquetes: |
Afegir etiqueta
Sense etiquetes, Sigues el primer a etiquetar aquest registre!
|
MARC
| LEADER | 00000nam a2200000 a 4500 | ||
|---|---|---|---|
| 001 | UCT0396 | ||
| 003 | CL-VaPUC | ||
| 008 | 960830e19930000SP |||||||||||||||||spa|d | ||
| 082 | 0 | 4 | |a 612.825 |b SIG |2 21 |
| 100 | 0 | |a Siguenza, Juan Alberto |e author |9 369047 | |
| 245 | 1 | 0 | |a Neurocomputación: cómo funciona el cerebro |
| 300 | |a 96 p | ||
| 942 | |c BK | ||
| 945 | |d 19960830 00:00:00 |a nastorga | ||
| 260 | |a Salamanca |b Eudema |c 1993 | ||
| 650 | 7 | |a SISTEMAS NERVIOSOS |2 CL-VaPUC |9 369048 | |
| 650 | 0 | |a Cerebro |9 307262 | |
| 650 | 0 | |a Aprendizaje |9 254827 | |
| 650 | 0 | |a Memorización |9 336225 | |
| 650 | 0 | |a Memoria |9 266549 | |
| 650 | 0 | |a Neurología |9 269802 | |
| 650 | 7 | |a INVESTIGACION DEL CEREBRO |2 CL-VaPUC |9 334660 | |
| 583 | |a last modification |c 19960830 00:00:00 |k Rodrigo Vera | ||
| 490 | 0 | |a Eudema Biología | |
| 999 | |c 251400 |d 251398 | ||
| 952 | |0 0 |1 0 |4 0 |6 612_825000000000000_SIG_1993 |7 0 |8 A |9 270516 |a BIBEDU |b BIBEDU |d 2019-11-19 |i 3225763 |o 612.825 SIG 1993 |p 3225763 |r 2019-11-19 |w 2019-11-19 |y BK |k EDU | ||